000 00648cam a2200217 4500
008 090401t1973 xxu||||| |||| 00| 0 eng d
020 _a0901822159
035 _a(Sirsi) u23304
041 _aeng
050 _a692.5
110 _aInstitute of Building
_92440
245 _aCode of estimating practice; prepared by the Estimating Practice Committee of the Institute of Building
250 _a3rd
260 _aAscot
_bIOB
_c1973
300 _a72p in various pagings. fold leaf. 1 ill. forms. 30cm. Pbk
350 _a2
520 _aPrevious ed 1968
710 _aEstimating Practice Committee
_92445
942 _n0
948 _c04/03/1997
999 _c88376
_d88376